[Event "41. Olympiad Open 2014"]
[Site "Tromso NOR"]
[Date "2014.08.06"]
[Round "5.3"]
[White "Hracek, Zbynek"]
[Black "Hillarp Persson, Tiger"]
[Result "1-0"]
[WhiteElo "2634"]
[BlackElo "2549"]
[EventDate "2014.08.02"]
[Annotator "Vokac,Marek"]
[PlyCount "113"]
[WhiteTeam "Czech Republic"]
[BlackTeam "Sweden"]
[WhiteTeamCountry "CZE"]
[BlackTeamCountry "SWE"]

1. e4 g6 2. d4 Bg7 3. Nc3 d6 4. Be3 a6 5. h4 Nf6 6. f3 b5 7. Qd2 h5 {
VidÄ›l jsem kdysi jednu parti, ve které se po slabém poli g5 proÅ¡ly 
postupnÄ› snad vÅ¡echny bílé figury. Zase bych Ä�ernými radÄ›ji stavÄ›l 
variantu jinak.} 8. O-O-O c6 9. Kb1 Qc7 10. e5!? Nd5 11. f4 {Bílí pÄ›Å¡ci 
omezují Ä�erného stÅ™elce na g7 ve chvíli, kdy je postup f7-f6 více neÅ¾ 
problematický.} 11. ... Be6 12. Nf3 Nxc3+ 13. Qxc3 Bd5 14. Bd3 e6 15. Ng5 
Nd7 ( 15. ... Bxg2?! 16. Rhg1 Bd5 17. Nxf7 Kxf7 18. Bxg6+ Kf8 19. f5 +/- )
16. Rhg1 Bh6 {ÄŒerný vybudoval jakousi hráz po bílých polích, ale sám 
zaÄ�íná pochybovat o její pevnosti. VhodnÄ›jÅ¡í je asi} ( 16. ... Rc8 {, 
ale to potÅ™ebuje pevnÄ›jÅ¡í nervy.} ) 17. Rdf1 Bxg5?! 18. exd6! Qxd6 19. 
fxg5 {Bílý nyní ovládne Ä�erná pole a Ä�erný král stále neví, kde by hlavu
sloÅ¾il.} 19. ... a5 20. Bf4 Qe7 21. g4 hxg4 22. Rxg4 b4 23. Qe1 +/- e5!? 
{DalÅ¡í postupný cíl bílého by byl bod f7. ÄŒerný se pokouÅ¡í vykroutit do
hratelné koncovky.} 24. Bxe5 Nxe5 25. Qxe5 {Dámy si asi má bílý ponechat, 
Ä�erný král jeÅ¡tÄ› nemá dobrý úkryt.} 25. ... Qxe5 26. dxe5 Be6 27. Rgf4 
Rd8 28. b3 Ke7 ( 28. ... Rd5 29. Re1 Ke7 30. Bc4 Rc5 31. Bxe6 fxe6 32. 
Ree4 +/- {je hodnÄ› Å¡patná vÄ›Å¾ovka.} ) 29. Kb2 c5 30. a3 {Ve hÅ™e je i 
sloupec a.} 30. ... Rd4?! {NadÄ›jnÄ›jÅ¡í mi rozhodnÄ› pÅ™ipadá} ( 30. ... 
Rd5 31. Re1 Rhd8! 32. axb4 axb4 33. Bc4 Rd1 34. Rxd1 Rxd1 35. Bxe6 Kxe6 
36. Rf6+ Kxe5 37. Rxf7 Rh1 38. Rc7 Kd5 39. Rh7 Ke5 += {tato vÄ›Å¾ovka se 
bude obtíÅ¾nÄ› vyhrávat.} ) 31. Rxd4 cxd4 32. axb4 axb4 33. Rf4 +/- Rd8 
34. Kc1 Rd5 35. Kd2 Rd8 36. Be4 Bc8 37. Bd3 Be6 38. Ke2 Rd7 39. Kd1 Rd5 
40. Kc1 Rd7 41. Be4 Rd8 42. Kd2 Bc8 43. Rf6! {Po Ä�asové kontrole má 
bílý Ä�as najít plán zesílení své pozice. VlastnÄ› jde trochu o zugzwang.}
43. ... Rh8 ( 43. ... Be6 44. Kd3 Rd7 45. Rf1! Rd8 46. Ra1 +/- ) 44. Bd5! 
Be6 45. Bxe6 fxe6 46. Rf4! +- Rd8 47. Kd3 Rd5 48. Rxd4 Rxe5 49. Rxb4 Re1 
50. Re4 Rb1 51. b4 Kd6 52. Kc4 e5 53. Rg4 Ke6 54. Kc5 Kf5 55. Rg2 Rh1 56. 
b5 Rxh4 57. b6 1-0

[Event "41. Olympiad Open 2014"]
[Site "Tromso NOR"]
[Date "2014.08.06"]
[Round "5.4"]
[White "Berg, Emanuel"]
[Black "Babula, Vlastimil"]
[Result "1/2-1/2"]
[WhiteElo "2554"]
[BlackElo "2549"]
[EventDate "2014.08.02"]
[Annotator "Vokac,Marek"]
[PlyCount "103"]
[WhiteTeam "Sweden"]
[BlackTeam "Czech Republic"]
[WhiteTeamCountry "SWE"]
[BlackTeamCountry "CZE"]

1. e4 e5 2. Nf3 Nc6 3. Bb5 Nf6 4. O-O Nxe4 5. d4 Nd6 6. dxe5 Nxb5 7. a4 
Nbd4 8. Nxd4 d5 9. exd6 Nxd4 10. Qxd4 Qxd6 11. Qe3+ Be6 12. Nc3 a6 13. Rd1
Qc6 14. Qd4 Bd6 15. Nb5 O-O 16. Nxd6 cxd6 17. Rd3!? {PÅ™íliÅ¡ velké 
zjednoduÅ¡ení pozice nedává bílému valné Å¡ance na výhodu ze zahájení. 
Snaha o útok s rÅ¯znobarevnými stÅ™elci je vlastnÄ› jedinou nadÄ›jí.} 
17. ... Bf5 ( 17. ... Qxc2?! 18. Bh6! f6 19. Rg3 Rf7 20. Bxg7 Rxg7 21. 
Qxf6 +/- ) 18. Rc3 Qe4 19. Qxe4 Bxe4 20. Bf4 Rfc8 =, quiet 21. Rxc8+ Rxc8 
22. c3 Bc6 23. f3 ( 23. Bxd6 Rd8 24. Bf4 Bxa4 =, quiet ) 23. ... d5 24. 
Kf2 Bd7 25. Be5 f6 26. Bd4 Re8 27. g4 Kf7 28. b3 h5 29. h3 hxg4 30. hxg4 
g5 31. Rh1 Kg6 32. Be3 Rc8 33. Bd4 Re8 34. Rh5 Be6 35. Kg3 Bd7 36. Kf2 Be6
37. Rh2 Bd7 38. Rh1 Be6 39. Rd1 Bd7 40. Be3 Bc6 41. Bc5 Kf7 42. Rh1 Kg6 
43. Rd1 Kf7 44. Bd6 Rd8 45. Bg3 Re8 46. Rd4 Rh8 47. Rd1 Re8 48. Bc7 Rc8 
49. Bb6 Re8 50. Rf1 Bd7 51. Bd4 Kg6 52. Re1 1/2-1/2

[Event "41. Olympiad Tromso 2014"]
[Site "Tromso NOR"]
[Date "2014.08.06"]
[Round "5.1"]
[White "Ordaz Valdes, Lisandra Teresa"]
[Black "Havlikova, Kristyna"]
[Result "1/2-1/2"]
[WhiteElo "2345"]
[BlackElo "2215"]
[EventDate "2014.08.02"]
[Annotator "Vokac,Marek"]
[PlyCount "180"]
[WhiteTeam "Cuba"]
[BlackTeam "Czech Republic"]
[WhiteTeamCountry "CUB"]
[BlackTeamCountry "CZE"]

1. d4 Nf6 2. c4 g6 3. Nc3 d5 4. cxd5 Nxd5 5. Na4 Bg7 6. e4 Nb4 7. a3 N4c6 
8. d5 Ne5 9. Nf3 Nxf3+ 10. Qxf3 c6 11. Be2 O-O 12. O-O cxd5 13. exd5 Nd7 
14. Qb3 b6 15. Bg5 Nf6 16. Nc3 Bb7 17. Rfd1 h6 18. Bh4 Ne8 19. Nb5 Nd6 20.
 Bg3 a6 21. Nxd6 exd6 =, quiet 22. Rac1 Re8 23. Bf3 Rc8 24. Qb4 Rxc1 25. 
Rxc1 Be5 26. Bh4 g5 27. Bg3 Re7 28. h3 Bxg3 29. fxg3 Re5 30. Qd4 b5 31. 
Kh2 h5 {Je pravdÄ›podobné, Å¾e jednou dojde k výmÄ›nÄ› pÄ›Å¡ce d5 za a6. 
Pro ten pÅ™ípad bych si rád zachoval pevnÄ›jÅ¡í kryt Ä�erného krále.} ( 
31. ... Qe7 32. Qa7 Kg7 =, quiet ) 32. Qa7 Bxd5 33. Bxd5 Rxd5 34. Qxa6 Kg7
35. Qc6 Re5 36. Rd1 h4 {TeÄ� musí Ä�erná najít protihru proti bílému 
králi, pÄ›Å¡ce d6 zÅ™ejmÄ› ubránit nejde.} 37. gxh4 gxh4 38. Rd4 Qe7 39. 
Qxd6 {MoÅ¾ná mÄ›la bílá hledat nÄ›jakou jinou verzi koncovky.} 39. ... 
Qxd6 40. Rxd6 Re2 41. b4 Re3 42. Rd5 Rxa3 43. Rxb5 Rb3 += 44. Kg1 Kg6 45. 
Rb8 Kf5 46. b5 Kf4 47. Kh2 f5 48. b6 Rb2 49. b7 Rb1 50. Rh8 Rxb7 51. Rxh4+
Kg5 =, quiet 52. Ra4 Rb3 53. h4+ Kh5 54. g3 Rb6 55. Kh3 Kg6 56. Ra8 Rc6 
57. Rg8+ Kf7 58. Rb8 Kg6 59. Rb4 Ra6 60. Kg2 Ra3 61. Rb6+ Kg7 62. h5 Rc3 
63. h6+ Kh7 64. Rf6 Ra3 65. Kh2 Rb3 66. Kh3 f4! 67. Rxf4 Kxh6 =, quiet 68.
 Rg4 Rb2 69. Rg8 Kh7 70. Ra8 Kg6 71. Kh4 Rb1 72. Rg8+ Kf7 73. Rg5 Rb2 74. 
Kg4 Rb1 75. Kh5 Rh1+ 76. Kg4 Rb1 77. Ra5 Kg6 78. Ra6+ Kg7 79. Kh4 Rb2 80. 
g4 Rb5 81. Ra8 Rc5 82. Ra6 Rb5 83. Ra7+ Kg6 84. Ra8 Kg7 85. g5 Rb1 86. 
Ra7+ Kg6 87. Ra6+ Kg7 88. Kh5 Rh1+ 89. Kg4 Rg1+ 90. Kh5 Rh1+ 1/2-1/2

[Event "41. Olympiad Tromso 2014 Open"]
[Site "TromsøÂ¸"]
[Date "2014.08.06"]
[Round "5"]
[White "Mamedyarov, Shakhriyar"]
[Black "Ivanisevic, Ivan"]
[Result "1-0"]
[WhiteElo "2743"]
[BlackElo "2613"]
[EventDate "2014.??.??"]
[Annotator "Marin,Mihail"]
[PlyCount "59"]
[EventCountry "NOR"]
[WhiteTeam "Azerbaijan"]
[BlackTeam "Serbia"]
[WhiteTeamCountry "AZE"]
[BlackTeamCountry "SRB"]

1. d4 ( {It is interesting to compare the line played in this game with a 
modern English anti-Nimzo setup:} 1. Nf3 Nf6 2. c4 e6 3. Nc3 Bb4 4. g4!? {
In this variation Black has less control in the centre and White has not 
spent a tempo on committing his queen, so intuitively I would say that 
Black's chances of finding a clear-cut antidote are slimmer. But at the 
same time hundreds of games have been played starting from this position 
and there is no better theoretician than the accumulation of practice!} ) 
1. ... Nf6 2. c4 e6 3. Nc3 Bb4 4. Qc2 Nc6 5. Nf3 d6 {[#]This is one of my 
favourite ways of meeting 4.Qc2. Black avoids the theoretical lines by 
setting up a strategic battle where understanding plans and structures is 
more important than memorizing lines-lines-lines. White's main 
continuations are 6.a3 and 6.Bd2, but after yesterday's win with black 
Mamedyarov was in an aggressive mood.} 6. g4!? {"Almost" a novelty. The 
early advance of the g-pawn has become a common pattern in many openings. 
Imagine, they have tried it in the good old Tartakower Queen-s Gambit! But
every time it pops up in a new form, the surprise effect may be at least 
as big as when Bogoljubov faced Keres' 6.g4 in the Scheweningen Sicilian, 
back in 1943. Since Black has relatively good control in the centre in our
Nimzoindian position, this attack should not be too dangerous, but meeting
it over the board may be unpleasant without previous (at least brief) 
preparation. "Did my opponent analyze this thoroughly or is it just an 
experiment?" Or: "Could he have meant 6.g3, but dropped the pawn one 
square too far?" And finally, after failing to answer those above: "Should
I have played the Queen's Gambit Accepted?!" These are the kind of 
questions that may be assaulting the player with black while his 
team-mates would think he is emerged in deep calculation. Or at least this
would happen with me, maybe other players have better over-the-bord 
discipline.} 6. ... e5 {Ivan replied relatively fast, after eight minutes.
After all, ...e6-e5 is the main idea of the whole variation. However, 
there are many reasonable alternatives.} ( {If taken by surprise, I would 
probably play} 6. ... h6 {kindly inviting my opponent to justify weakening
his kingside so early.} ) ( {The other way of reacting in the centre would
be} 6. ... d5 {, preparing to meet} 7. g5 {with} 7. ... Ne4 {when it would
be far from clear if the extra tempo has served for anything else than 
weakening his position.} ) ( {Finally, the pawn is not really poisoned:} 
6. ... Nxg4 7. Rg1 e5 {with unclear play in Chatalbashev-Vocaturo, 
Deizisau 2008} ) 7. dxe5 {Judging from the relatively long thought (11 
minutes) on this move, we could infere that Mamedyarov was improvising 
after all. He could hardly have missed Black's last move during his 
anayisis.} 7. ... dxe5 {This natural move, played almost without thinking,
allows White getting the kind of position he was aiming for, although 
objectively Black seems to be still OK.} ( {Black could have changed the 
course of the game with} 7. ... Nxg4!? {for instance} 8. Bg5 Qd7 9. exd6 
Bxd6 {with good play for... both sides!} ) 8. g5 Bxc3+ {This practically 
forces White to spoil his structure, but the dynamic compensation he gets 
for it is more relevant.} ( 8. ... Nd7 {would ensure White some small 
advantage after} 9. a3 Bxc3+ 10. Qxc3 ) 9. bxc3 ( 9. Qxc3 {would allow 
Black gain time for his development with} 9. ... Ne4 10. Qe3 Bf5 ) 9. ... 
Nd7?! {After this passive move, obstructing the undeveloped queen and 
bishop, Black's position becomes difficult.} ( 9. ... Nh5 10. Ba3 Qd7 {
followed by ...Qf5 soon would have offered better chances for a balanced 
fight.} ) 10. Ba3 {[#]This simple bishop move paralyzes the enemy king and
queen!} 10. ... Nb6? {It seems that Ivan had lost his feel for danger 
completely, as he played this (virtually decisive) mistake almost 
instantly.} ( 10. ... Na5 {followed by ...c7-c5 would have allowed Black 
getting castled.} 11. Qa4 {should not take Black away from his intended 
path:} 11. ... c5 {since} 12. Nxe5?! Qc7 {ould offer Black at least some 
compensation for the missing pawn. In the long run, the chronic weakness 
of the c4-pawn would be a telling factor, while the a3-bishop would face 
the risk of becoming the worst piece on board.} ) 11. Rd1 Bd7 12. Bh3 {
Mamedyarov took almost ten minutes before playing this winning move. He 
might have simply tried to understand whether his opponent had some trump 
up to his sleeve.} 12. ... Bxh3 {A desperate measure.} ( {Theer was no 
other way to free himself from the pin, for instance} 12. ... Qc8 13. Rxd7
Nxd7 14. O-O {followed by Rd1.} ) 13. Rxd8+ Rxd8 14. Qe4 {[#] Under 
different circumstances (that is, with his king on b8 or g8) Black would 
have excellent compensation for the queen, due to White's weaknesses on 
light squares. But with the king in the centre Black is helpless.} 14. ...
 Na4 {Setting up a nice trap.} 15. Qe3 ( {Only not} 15. Nxe5? Rd1+ 16. 
Kxd1 Nxc3+ {wins} ) 15. ... Rd7 16. Nd4 Bg2 17. Rg1 Kd8 18. Nf5 Be4 19. 
Nxg7 {[#]The rest is agony. Black does not even have the structural 
element to his favour.} 19. ... Bg6 20. Qh3 Nb6 21. Nh5 f5 22. gxf6 Nxc4 
23. Be7+ Nxe7 24. fxe7+ Rxe7 25. Nf6 Bf7 26. Rg7 Be6 27. Qh6 Nd6 28. Rxe7 
Kxe7 29. Ne4 Nxe4 30. Qg7+ 1-0

[Event "41. Olympiad Tromso 2014 Open"]
[Site "TromsÃÂ¸"]
[Date "2014.08.06"]
[Round "5"]
[White "Kramnik, Vladimir"]
[Black "Topalov, Veselin"]
[Result "1-0"]
[WhiteElo "2760"]
[BlackElo "2772"]
[EventDate "2014.??.??"]
[PlyCount "97"]
[EventCountry "NOR"]
[WhiteTeam "Russia"]
[BlackTeam "Bulgaria"]
[WhiteTeamCountry "RUS"]
[BlackTeamCountry "BUL"]

1. d4 Nf6 2. c4 e6 3. Nf3 d5 4. Nc3 Be7 5. g3 O-O 6. Bg2 Nbd7 {Not the 
most common treatment of the Nc3 Catalan, but Black is trying to find ways
not to get into a dry but worse position.} ( 6. ... dxc4 7. Ne5 Nc6 8. 
Bxc6 bxc6 9. Nxc6 Qe8 10. Nxe7+ Qxe7 11. Qa4 {has not been to everyone's 
liking. In this variation Nc3 is superior to 0-0.} ) 7. Qd3 Nb6!? {
Provoking c5!} 8. c5 Nbd7 9. O-O c6 10. b4 b6 11. Bf4 a5 12. a3 Ba6 13. 
Qc2 Nh5 14. Bd2 Nhf6 15. Bf4 Nh5 16. Bd2 Nhf6 17. Rfe1 Bc4 18. Bf4 Nh5 19.
 Be3 Nhf6 20. Bf4 Nh5 21. Be3 Nhf6 22. h3 h6 23. Nd2 Ba6 24. f4!? {The 
sign that there will be a true fight. White prevents e5, thus binding 
Black, but he creates some weaknesses in his own position.} 24. ... bxc5 
25. bxc5 Nxc5 26. dxc5 d4 27. Bf2 dxc3 28. Qxc3 Nd5 29. Qc2 Bf6 30. e4! ( 
30. Rad1 Nc3 31. Ne4 Nxd1 32. Rxd1 Qe7 {gives White compensation, but it 
is not as strong as the game continuation.} ) 30. ... Bxa1 31. exd5 Qf6 
32. d6! {Kramnik goes for the power of his pawns as opposed to going for 
the direct approach.} ( 32. dxe6 Bd4 ( 32. ... fxe6 33. Ne4 Qb2 34. Qd1 {
surprisingly traps the bishop!} ) 33. exf7+ Rxf7 34. Ne4 {is also better 
for White.} ) 32. ... Qc3 ( 32. ... Bd4 33. Nf3! Bxf2+ 34. Kxf2 +/- ) 33. 
Qd1! {It is important to keep that bishop as uncomfortable as possible.} 
33. ... Bb2 34. Bxc6 Rad8 35. Nb1! {A very good move! The queen now 
doesn't have as many squares as it would wish.} 35. ... Qf6 36. Qd2 Rb8 
37. Be4 e5 38. Nc3! Qe6 ( 38. ... exf4 39. Nd5 Qg5 40. Qxf4 +- {looks 
close to hopeless with the passed pawns rolling down the board.} ) 39. Nd5
Qxh3 40. Bg2 Qh5 41. d7 {White is down the exchange, but with his superior
piece coordination and extremely strong pawns it is clear that the game 
will be won by White.} 41. ... exf4 42. Qxf4 {Kramnik,V (2760)-Topalov,V 
(2772) TromsÃÂ¸ 2014 [Robot 11]} 42. ... Bxa3 43. Qxb8! {Of course; the 
pawn on d7 is unstoppable without the rooks.} 43. ... Rxb8 44. Re8+ Kh7 
45. Rxb8 Qd1+ 46. Kh2 Qh5+ 47. Bh3 Qf3 48. d8=Q Qxf2+ 49. Bg2 {A great win
by Kramnik.} 1-0

[Event "41. Olympiad Women 2014"]
[Site "Tromso NOR"]
[Date "2014.08.06"]
[Round "5.2"]
[White "Olsarova, Karolina"]
[Black "Pina Vega, Sulennis"]
[Result "1/2-1/2"]
[WhiteElo "2237"]
[BlackElo "2270"]
[EventDate "2014.08.02"]
[Annotator "Vokac,Marek"]
[PlyCount "198"]
[WhiteTeam "Czech Republic"]
[BlackTeam "Cuba"]
[WhiteTeamCountry "CZE"]
[BlackTeamCountry "CUB"]

1. e4 c5 2. Nf3 Nc6 3. c3 d6 4. d4 Nf6 5. d5 Nb8 6. Bd3 g6 7. h3 Bg7 8. 
O-O O-O 9. Re1 Na6 10. a4 Nc7 11. c4 e5 12. dxe6 {Tak dostane Ä�erná 
protihru, pÅ™i zavÅ™eném centru by mohla bílá pracovat se svou prostorovou
pÅ™evahou.} 12. ... Nxe6 13. Nc3 Nd7 14. Nd5 Ne5 15. Nxe5 dxe5 16. a5 Nd4 
17. Bd2 Be6 18. Ra3 f5 19. f4?! ( 19. b4 =, quiet ) 19. ... Bxd5 20. exd5 
e4 21. Bf1 =+ b5! 22. cxb5 Qxd5 23. Qc1 Kh8 24. Be3 Rab8 25. Rd1 Qb7 26. 
Qd2 {Ve hÅ™e bílé cítím nÄ›jak moc nejistoty a respektu ze soupeÅ™ky.} ( 
26. Rc3! += Ne6 27. Bxc5 +/- ) 26. ... Rfd8 27. Kh1 Ne6 -/+ 28. Qc2 Rxd1 
29. Qxd1 Bd4 ( 29. ... Bxb2 30. Rb3 Bd4 -/+ ) 30. Qc1 Qc7 31. Bd2 Qd6 32. 
Bc4 Nc7 33. Rb3 Nd5 34. Qf1 Re8 35. Bc1 Nb4 ( 35. ... e3 -/+ ) 36. Qe2 Qc7
37. Ra3 Rd8 38. Ra4 Qd6 39. Ra1 Qf6 40. Kh2 Rd7 41. Ra4 h5 42. Kh1 h4 43. 
Qe1 Kg7 44. Qe2 Re7 45. b6!? {NebezpeÄ�nÄ› dlouho nechala bílá soupeÅ™ku 
dÄ›lat si na Å¡achovnici co chce, aÅ¾ blízkost nekoneÄ�né blicky donutila 
bílou ke snaze o aktivní protihru.} 45. ... axb6 46. a6 Nc6 47. Bd5 Na7 
48. Bb7 b5 49. Ra1 b4 -/+ 50. Rb1 Qe6 51. b3 e3 52. Bb2 Qd6 53. Rf1 Bxb2 
54. Qxb2+ Qd4 55. Qe2 Qd2 56. Re1 Kf6 57. Kg1 Qxe2?! 58. Rxe2 =+ g5 59. 
fxg5+ Kxg5 60. Kf1 =, quiet Kf4 61. Rc2 Rc7 62. Ke2 c4 63. bxc4 b3 64. Rb2
Rxc4 65. Rxb3 Rc2+ 66. Ke1 Ra2 67. Rb4+ Kg3 68. Rb6 Kf4 69. Rb4+ Ke5 70. 
Rb1 f4 71. Rb4 Ra5 72. Ke2 Ra2+ 73. Ke1 Ra5 74. Re4+ Kf5 75. Rb4 Ra2 76. 
Rb1 Ra4 77. Ke2 Ke5 78. Rb6 Ra2+ 79. Ke1 Ra4 80. Rb2 Kd4 81. Ke2 Kc5 82. 
Rc2+ Kb6 83. Kf3 Nb5 84. Rb2 Kc5 85. Rb1 Nd4+ 86. Kxf4 e2 87. Ke3 e1=Q+ 
88. Rxe1 Nc2+ 89. Ke2 Nxe1 90. Kxe1 =, quiet Ra2 91. Kf1 Kd4 92. Kg1 Ke3 
93. Kh2 Kf2 94. Bc8 Ra1 95. Bb7 Ra2 96. Bc8 Ra3 97. Bb7 Ra1 98. Bc8 Ra2 
99. Bb7 Ra1 1/2-1/2

[Event "41. Olympiad Women 2014"]
[Site "Tromso NOR"]
[Date "2014.08.06"]
[Round "5.3"]
[White "Vigoa Apecheche, Yanira"]
[Black "Sikorova, Olga"]
[Result "1/2-1/2"]
[WhiteElo "2317"]
[BlackElo "2289"]
[EventDate "2014.08.02"]
[Annotator "Vokac,Mark"]
[PlyCount "132"]
[WhiteTeam "Cuba"]
[BlackTeam "Czech Republic"]
[WhiteTeamCountry "CUB"]
[BlackTeamCountry "CZE"]

1. d4 Nf6 2. Bg5 e6 3. Nd2 h6 4. Bh4 c5 5. e4 d5 6. e5 g5 7. Bg3 Nfd7 8. 
h4 gxh4 9. Bxh4 Qb6 10. c4 cxd4 11. cxd5 exd5 12. Rc1 Na6 ( 12. ... Nc6 
13. e6! Nde5 14. exf7+ Kxf7 ~ ) 13. Ngf3 Bg7 14. Bd3 Nac5 15. Bb1 Qa6 ( 
15. ... Qxb2 =, quiet ) 16. Nb3 Nxb3 17. Qxb3 Nxe5 18. Nxe5 Bxe5 19. Qxd5 
Qd6 20. Qxd6 Bxd6 21. Bf6 += Rg8 22. Kf1 Be6 23. Be4 Bf4 24. Re1 Rc8 {
HadnÄ› bláznivá varianta poskytla Å¡iroký prostor pro vlastní tvorbu a 
Å™adu drobných taktických moÅ¾ností, které jsem si radÄ›ji odpustil. 
Bílá nakonec dostala trochu lepÅ¡í koncovku, ale Ä�erná se dÅ¯slednÄ› 
snaÅ¾í o aktivní protihru.} 25. b3 b6 26. Bxd4 Ke7 27. Bb2 Rgd8 28. g3 Bd2
29. Rd1 a5 {DÅ¯razné} ( 29. ... f5! {odhalí citlivé pole c2 a vynutí si 
pÅ™echod do rÅ¯znobarevných stÅ™elcÅ¯.} 30. Ke2 ( 30. Bb1 Bd5 =+ ) 30. ...
 fxe4 31. Rxd2 Bg4+ =, quiet ) 30. Ke2 Bb4 31. Bd4 ( 31. Rxh6 Bg4+ 32. f3 
Bxf3+! 33. Bxf3 Rc2+ =, quiet ) 31. ... Bc5 32. Bxc5+ Rxc5 33. Rxd8 Kxd8 
34. Rxh6 a4! += 35. Kd2 axb3 36. axb3 Rb5 37. Bc2 Bxb3 38. Bd3 Rd5 39. Kc3
Ba2 ( 39. ... Kc7 40. Rf6 Rd8 += ) 40. Rxb6 Ra5 41. Rb4 Be6 42. Kd4 Ke7 
43. Ke3 += {Podobné koncovky se vyhrávají zÅ™ídka, ale nekoneÄ�ná blicka v
tom mÅ¯Å¾e nadÄ›lat hodnÄ› problémÅ¯.} 43. ... Ra3 44. Kd4 Ra2 45. Ke3 Ra3
46. g4 Bc8 47. Kd2 Ra2+ 48. Bc2 Kf6 49. f3 Be6 50. Rb5 Bd7 51. Rb6+?! Kg5 
=, quiet 52. Kc1 Be6 53. Rb4 Kh4 54. Be4 Kg3 55. Rb5 Kf4 56. Rb4 Ke3 57. 
Kb1 Rh2 58. Ra4 Rf2 59. Ka1 Rd2 60. Ba8 Kf2 61. Ra3 Kg3 62. Kb1 Kf4 63. 
Kc1 Ra2 64. Rxa2 Bxa2 65. Kd2 Be6 66. Kd3 Bxg4 1/2-1/2

[Event "41. Olympiad Women 2014"]
[Site "Tromso NOR"]
[Date "2014.08.06"]
[Round "5.4"]
[White "Olsarova, Tereza"]
[Black "Arribas Robaina, Maritza"]
[Result "0-1"]
[WhiteElo "2271"]
[BlackElo "2291"]
[EventDate "2014.08.02"]
[Annotator "Vokac,Marek"]
[PlyCount "102"]
[WhiteTeam "Czech Republic"]
[BlackTeam "Cuba"]
[WhiteTeamCountry "CZE"]
[BlackTeamCountry "CUB"]

1. e4 e6 2. d3 d5 3. Nd2 Nc6 4. Ngf3 Nf6 5. c3 Be7 6. e5 Nd7 7. d4 f6 8. 
Qe2 fxe5 9. Nxe5 Ndxe5 10. dxe5 O-O 11. g3 Bc5 12. f4 a5 13. Nf3 Bd7 14. 
Be3 Qe7 15. Qf2 b6 16. Bd3 Be8 17. Bxc5 bxc5 18. Qc2 h6 19. O-O c4 20. Be2
Qc5+ 21. Kh1 Rb8 22. Rad1 ( 22. b3 =, quiet ) 22. ... Qb6 23. Rb1 Ne7 =+ 
24. Nh4 Nf5 25. Nxf5 Rxf5 26. g4?! {Na útoÄ�ení nemá bílá dost sil. Mohla 
se vÅ¡ak tahem} ( 26. b4! =, quiet {zbavit nepÅ™íjemné slabiny.} ) 26. ...
 Rf8 27. f5 Qe3 28. Rbe1 Bc6 29. Bf3 Qg5 30. Qg2 Kh8 31. fxe6 Rbd8 32. b3 
cxb3 33. axb3 Bb5 34. Rg1 ( 34. Be2 =, quiet ) 34. ... c6 35. c4 dxc4 36. 
bxc4 Bxc4 37. e7 Qxe7 38. Bxc6 Be6 39. g5 hxg5 40. Be4 Rd4 41. Re3 g4 42. 
Rge1 Qd8 43. Kg1 a4 -+ 44. Qe2 Kg8 45. Rd3 Rxd3 46. Bxd3 Qd4+ 47. Qe3 
Qxe3+ 48. Rxe3 Rf3 49. Rxf3 gxf3 50. Kf2 a3 51. Bb1 Bd5 0-1